000
00310nam a22001337a 4500
008
171013b xxu||||| |||| 00| 0 eng d
020
_a
0205086934
041
_a
eng
080
_a
316
100
_a
50
101
_a
SOC
245
_a
BASIC STATISTICS FOR THE BAHVIORAL SCIENCES
_c
KAPLAN,R.M
942
_2
udc
_c
BK
999
_c
33572
_d
33572